| 000 | 00854 a2200205 4500 | ||
|---|---|---|---|
| 020 | _a0750678100 | ||
| 040 |
_aDLC _bDLC |
||
| 082 | 0 | 0 | _a629.89 |
| 100 | 1 | _aLuecke, Gerald. | |
| 245 | 1 | 0 |
_aAnalog and digital circuits for electronic control system applications: using the TI MSP430 microcontroller _busing the TI MSP430 microcontroller _cby Jerry Luecke. |
| 260 |
_aAmsterdam ; _aBoston : _bElsevier/Newnes, _cc2005. |
||
| 300 |
_axiv, 312 p. : _bill. ; _c24 cm. + _e1 CD-ROM (4 3/4 in.) |
||
| 650 | 0 | _aElectronic circuit design. | |
| 650 | 0 | _aElectronic control. | |
| 650 | 0 | _aProgrammable controllers. | |
| 650 | 0 | _aMicrocontrollers. | |
| 856 | 4 | 1 |
_3Table of contents _uhttp://www.loc.gov/catdir/toc/els051/2004054669.html |
| 856 | 4 | 1 |
_3Publisher description _uhttp://www.loc.gov/catdir/description/els051/2004054669.html |
| 942 |
_cBK _k629.89 LUE _2ddc |
||
| 999 |
_c8461 _d8461 |
||